| 000 | 00627nam a2200229Ia 4500 | ||
|---|---|---|---|
| 003 | OSt | ||
| 005 | 20220924113046.0 | ||
| 006 | a|||||r|||| 00| 0 | ||
| 007 | ta | ||
| 008 | 220923b |||||||| |||| 00| 0 eng d | ||
| 024 | _a55080 | ||
| 037 | _cDictionary | ||
| 040 |
_aARTS _cARTS _beng |
||
| 041 |
_2eng _aeng |
||
| 082 | _aP111,3:28k, K61-;1-;2 | ||
| 245 | 0 | _aOxford d-ictionary of English Etymology ed by C T Onions | |
| 260 |
_aOxford _bClaredon _c1966 |
||
| 300 |
_axiv, 102p. _ccm. |
||
| 650 | _aLINGUISTICS | ||
| 942 |
_hP111,3:28k, K61-;1-;2 _cdic _2cc |
||
| 999 |
_c389108 _d389108 |
||